000 00455nam a22001817a 4500
003 NUST - PNEC
005 20170116180931.0
008 150905b xxu||||| |||| 00| 0 eng d
020 _a812240166X
040 _cLIBRARY
082 _a621.462 PIL
100 _98275
_aPillai, S. K.
245 _aA first course on electrical drives
_cS. K. Pillai
250 _a2nd ed.
260 _cc.1989
650 _98276
_aElectric Driving
_xEE
942 _2ddc
_cBK
999 _c65919
_d65919